|
|
|
|
| LEADER |
00000nab a2200000ua 4500 |
| 001 |
vtls010803230 |
| 003 |
SK-MaSNL |
| 005 |
20260304220101.0 |
| 008 |
230214s1954 xo |||||||||||||||||slo| |
| 035 |
|
|
|a (urnnbn)urn:nbn:sk:snk:ar-a03cud
|
| 035 |
|
|
|a (uuid)426229b2-b2ac-440e-a5a3-f8c48be4ebe7
|
| 035 |
|
|
|a urn:nbn:sk:snk-ab57jf
|
| 040 |
|
|
|a SNKBUCL
|b slo
|c SNKBUCL
|e AACR2
|
| 041 |
0 |
|
|a slo
|
| 044 |
|
|
|a xo
|c SK
|
| 100 |
1 |
|
|a Milošovičová, A.
|4 aut
|9 425642
|
| 245 |
1 |
0 |
|a KOMPLEXNÝ VÝSKUM OHNISKA NÁKAZ NA VÝCHODNOM SLOVENSKU R. 1953
|c A. Milošovičová, B. Rosický, E. Кмету, H. Libíková, J. Hympán, J. Kratochvíl, O. Mačička, R. Brezina, V. Bárdoš, V. Šomodská
|
| 700 |
1 |
|
|a Rosický, Bohumír,
|d 1922-2002
|4 aut
|9 37805
|
| 700 |
1 |
|
|a Kmety, E.
|4 aut
|9 1551384
|
| 700 |
1 |
|
|a Libíková, H.
|4 aut
|9 1120266
|
| 700 |
1 |
|
|a Hympán, Jaroslav,
|d 1912-2009
|4 aut
|9 225220
|
| 700 |
1 |
|
|a Kratochvíl, J.
|4 aut
|9 412440
|
| 700 |
1 |
|
|a Mačička, Ondrej,
|d 1917-1976
|4 aut
|9 120274
|
| 700 |
1 |
|
|a Brezina, Rudolf,
|d 1924-1992
|4 aut
|9 37623
|
| 700 |
1 |
|
|a Bárdoš, V.
|4 aut
|9 1120629
|
| 700 |
1 |
|
|a Šomodská, V.
|4 aut
|9 1221487
|
| 773 |
0 |
|
|t Bratislavské lekárske listy
|g Roč. 34, č. 10-11 (1954), s. 1166-1195
|
| 954 |
|
|
|a odborná, vedecká literatúra pôvodná (slovenská)
|2 lita
|
| 958 |
|
|
|a OND
|
| 958 |
|
|
|a EUIPO
|
| 958 |
|
|
|a article3
|
| 999 |
|
|
|c 3149870
|d 3151800
|